Govt. of
Madhya Pradesh

Jayprakash Narayan (Record no. 65740)

MARC details
000 -LEADER
fixed length control field 00250nam a22001097a 4500
082 ## - DEWEY DECIMAL CLASSIFICATION NUMBER
Classification number 920/VER
100 ## - MAIN ENTRY--AUTHOR NAME
Personal name Verma,Dr.B.P.
245 ## - TITLE STATEMENT
Title Jayprakash Narayan
260 ## - PUBLICATION, DISTRIBUTION, ETC. (IMPRINT)
Place of publication Delhi
Name of publisher Aadhar Book Company
Year of publication 2019
650 ## - SUBJECT ADDED ENTRY--TOPICAL TERM
Topical Term Biography
942 ## - ADDED ENTRY ELEMENTS (KOHA)
Koha item type Books
Holdings
Withdrawn status Lost status Damaged status Not for loan Home library Current library Date acquired Cost, normal purchase price Full call number Accession Number Price effective from Koha item type
        MACL MACL 10/12/2022 895.00 920/VER CRE040169 10/12/2022 Books